Essentials of Ophthalmology (Record no. 152881)

MARC details
000 -LEADER
fixed length control field 00403nam a2200145Ia 4500
008 - FIXED-LENGTH DATA ELEMENTS--GENERAL INFORMATION
fixed length control field 230411s9999 xx 000 0 und d
020 ## - INTERNATIONAL STANDARD BOOK NUMBER
International Standard Book Number 81-86793-41-0
041 ## - LANGUAGE CODE
Language code of text/sound track or separate title eng
082 ## - DEWEY DECIMAL CLASSIFICATION NUMBER
Classification number OP/617.7/BAS/DAD/B01565
100 ## - MAIN ENTRY--PERSONAL NAME
Personal name Basak Samar & Dada V
9 (RLIN) 176951
245 ## - TITLE STATEMENT
Title Essentials of Ophthalmology
260 ## - PUBLICATION, DISTRIBUTION, ETC. (IMPRINT)
Name of publisher, distributor, etc. Current Books International
Place of publication, distribution, etc. Calcutta
Date of publication, distribution, etc. 1999
300 ## - PHYSICAL DESCRIPTION
Extent 369p
Holdings
Withdrawn status Lost status Damaged status Not for loan Collection code Home library Current library Date acquired Vendor Cost, normal purchase price Bill number Total Checkouts Full call number Barcode Date last seen Cost, replacement price Bill Date Koha item type Original Barcode
          Smt. Bakul Tambat Institute of Nursing Education Smt. Bakul Tambat Institute of Nursing Education 19/10/2003 B.J.Medical Co-oprative College Stores 150.00 J-10   OP 617.7 BAS DAD B01565 BTIN-BK-1565 11/04/2023 115.00 19/09/2003 Books B01565
          Smt. Bakul Tambat Institute of Nursing Education Smt. Bakul Tambat Institute of Nursing Education 19/11/2003 B.J.Medical Co-oprative College Stores 150.00 J-10   OP 617.7 BAS DAD B01638 BTIN-BK-1638 11/04/2023 115.00 19/09/2003 Books B01638